000 00303nam a22001337a 4500
008 170526b xxu||||| |||| 00| 0 eng d
020 _a9780078940941
041 _aeng
080 _a621(075.8)
100 _a25
101 _aIM
245 _aWOODS TECNOLOGY PROCESSES
_cFEINER.M.D
942 _2udc
_cBK
999 _c14375
_d14375